<?xml version="1.0" encoding="UTF-8"?><?xml-stylesheet type="text/xsl" href="static/style.xsl"?><OAI-PMH xmlns="http://www.openarchives.org/OAI/2.0/" xmlns:xsi="http://www.w3.org/2001/XMLSchema-instance" xsi:schemaLocation="http://www.openarchives.org/OAI/2.0/ http://www.openarchives.org/OAI/2.0/OAI-PMH.xsd"><responseDate>2026-04-13T01:59:51Z</responseDate><request verb="GetRecord" identifier="oai:www.recercat.cat:10459.1/49215" metadataPrefix="marc">https://recercat.cat/oai/request</request><GetRecord><record><header><identifier>oai:recercat.cat:10459.1/49215</identifier><datestamp>2024-12-05T22:19:12Z</datestamp><setSpec>com_2072_3622</setSpec><setSpec>col_2072_479130</setSpec></header><metadata><record xmlns="http://www.loc.gov/MARC21/slim" xmlns:dcterms="http://purl.org/dc/terms/" xmlns:xsi="http://www.w3.org/2001/XMLSchema-instance" xmlns:doc="http://www.lyncode.com/xoai" xsi:schemaLocation="http://www.loc.gov/MARC21/slim http://www.loc.gov/standards/marcxml/schema/MARC21slim.xsd">
   <leader>00925njm 22002777a 4500</leader>
   <datafield ind2=" " ind1=" " tag="042">
      <subfield code="a">dc</subfield>
   </datafield>
   <datafield ind2=" " ind1=" " tag="720">
      <subfield code="a">Chireac, Silvia María</subfield>
      <subfield code="e">author</subfield>
   </datafield>
   <datafield ind2=" " ind1=" " tag="720">
      <subfield code="a">Serrat Sellabona, Elisabet</subfield>
      <subfield code="e">author</subfield>
   </datafield>
   <datafield ind2=" " ind1=" " tag="720">
      <subfield code="a">Huguet, Àngel</subfield>
      <subfield code="e">author</subfield>
   </datafield>
   <datafield ind2=" " ind1=" " tag="260">
      <subfield code="c">2015-12-02T10:48:15Z</subfield>
   </datafield>
   <datafield ind2=" " ind1=" " tag="260">
      <subfield code="c">2015-12-02T10:48:15Z</subfield>
   </datafield>
   <datafield ind2=" " ind1=" " tag="260">
      <subfield code="c">2011</subfield>
   </datafield>
   <datafield ind2=" " ind1=" " tag="520">
      <subfield code="a">Situados en el contexto catalán, el artículo estudia la influencia de la L1 (rumano) en algunos aspectos&#xd;
morfosintácticos de la adquisición de las L2s. Para ello se analizan las competencias lingüísticas en catalán&#xd;
y castellano de un grupo de escolares cuya L1 es el rumano y que cursan 2.º y 4.º de ESO. Los datos&#xd;
muestran que los alumnos cuya L1 es el rumano, a pesar de dominar una lengua románica cercana a&#xd;
las lenguas de aprendizaje (L2/L3), presentan dificultades comparables a otros colectivos con otras lenguas&#xd;
de origen. Por otra parte, nuestra investigación confirma que la L1 de este alumnado juega un importante&#xd;
papel en la adquisición de ambas lenguas, concluyendo que parte de los errores hallados son&#xd;
aquellos que se basan en estructuras de la lengua propia.</subfield>
   </datafield>
   <datafield ind1="8" ind2=" " tag="024">
      <subfield code="a">http://hdl.handle.net/10459.1/49215</subfield>
   </datafield>
   <datafield tag="653" ind2=" " ind1=" ">
      <subfield code="a">L1/L2/L3</subfield>
   </datafield>
   <datafield tag="653" ind2=" " ind1=" ">
      <subfield code="a">Adquisición de segundas lenguas</subfield>
   </datafield>
   <datafield tag="653" ind2=" " ind1=" ">
      <subfield code="a">Transferencia</subfield>
   </datafield>
   <datafield ind2="0" ind1="0" tag="245">
      <subfield code="a">Transferencia en la adquisición de segundas lenguas. Un estudio con alumnado rumano en un contexto bilingüe</subfield>
   </datafield>
   <datafield ind2="0" ind1="0" tag="245">
      <subfield code="a">Transfer in second language acquisition. A study with romanian schoolchildren in a bilingual context</subfield>
   </datafield>
</record></metadata></record></GetRecord></OAI-PMH>